| 000 | 00700nam a2200193Ia 4500 | ||
|---|---|---|---|
| 008 | 151121s9999||||xx |||||||||||||| ||und|| | ||
| 082 | _a920/ढापरे | ||
| 082 | _bHNW-116302 | ||
| 100 | _aढापरे प्रसाद | ||
| 245 | _aइंद्रा नूयी जीवन चरित्र | ||
| 260 | _b"मिरर प्रकाशन, पुणे।" | ||
| 260 | _c2014 | ||
| 300 | _a139 | ||
| 600 | _aढापरे प्रसाद | ||
| 630 | _aइंद्रा नूयी जीवन चरित्र | ||
| 700 | _aढापरे प्रसाद | ||
| 730 | _aइंद्रा नूयी जीवन चरित्र | ||
| 942 | _cBOOK | ||
| 999 |
_c1264949 _d1264946 |
||